| 000 | 00687nam a2200205 i 4500 | ||
|---|---|---|---|
| 001 | 171259 | ||
| 003 | ES-MaACL | ||
| 005 | 20250808062758.0 | ||
| 008 | 090507s1964 sp |||| | spa d | ||
| 100 | 1 |
_aRiaza Morales, José María. _996695 |
|
| 245 | 1 | 0 |
_aAzar, ley, milagro _b: introducción científica al estudio del milagro / _cpor José Mª Riaza Morales. |
| 260 |
_aMadrid : _bLa Editorial Católica, _c1964. |
||
| 300 |
_aXX, 375 p. ; _c20 cm. |
||
| 490 | 1 |
_aBiblioteca de autores cristianos ; _v236 |
|
| 500 | _aÍndice. | ||
| 650 | 4 |
_aMilagros. _9136497 |
|
| 830 | 1 | 0 |
_aBiblioteca de autores cristianos _v236 _9178679 |
| 852 |
_aES-MaACL _jJ-231 |
||
| 999 |
_c171259 _d171259 |
||